00301nam a22001337a 4500003000500000005001700005008004100022040000600063082001300069100002300082245003300105260002100138300000800159CEME20210628202158.0210317b xxu||||| |||| 00| 0 eng d c. a0333 WAS aDr Khalid Ghaznavi aTibe nabvi and moder scienci aRAWALPINDIc1997 aPDF